Normal view MARC view
  • The Environment (Urdu)

Entry Topical Term

Number of records used in: 1

001 - CONTROL NUMBER

  • control field: 109573

003 - CONTROL NUMBER IDENTIFIER

  • control field: NUST

005 - DATE AND TIME OF LATEST TRANSACTION

  • control field: 20230224124315.0

008 - FIXED-LENGTH DATA ELEMENTS

  • fixed length control field: 230224|| aca||aabn | a|a d

040 ## - CATALOGING SOURCE

  • Original cataloging agency: NUST
  • Transcribing agency: NUST

150 ## - HEADING--TOPICAL TERM

  • Topical term or geographic name entry element: The Environment (Urdu)

670 ## - SOURCE DATA FOUND

  • Source citation: Work cat.: (NUST)187997: Farrukh, Sheen 109572, Maholiyat Qanoon Aur Hum / ماحولیات قانون اور ہم (Urdu) /, 1996
© 2023 Central Library, National University of Sciences and Technology. All Rights Reserved.